The X-Files Cast by Picture - Statistics

General Stats
  • This quiz has been taken 33 times
    29 since last reset
  • The average score is 14 of 25
Answer Stats
Picture Hint Answer % Correct
David Duchovny {Fox} Mulder
100%
Mitch Pileggi Walter Skinner
100%
Gillian Anderson {Dana} Scully
96%
William B. Davis Cigarette Smoking Man
92%
Jerry Hardin Deep Throat
84%
Nicholas Lea Alex Krycek
76%
Steven Williams Mister X
76%
Megan Leitch {Samantha} Mulder
76%
Melinda McGraw {Melissa} Scully
68%
Tom Braidwood Melvin Frohike
68%
Annabeth Gish Monica Reyes
64%
Robert Patrick John Doggett
60%
Dean Haglund Richard 'Ringo' Langly
56%
Bruce Harwood John Fitzgerald Byers
52%
Peter Donat {William} Mulder
40%
Don S. Davis {William} Scully
40%
Veronica Cartwright {Cassandra} Spender
32%
Sheila Larken {Margaret} Scully
32%
John Neville Well-Manicured Man
32%
Chris Owens {Jeffrey} Spender
28%
Laurie Holden Marita Covarrubias
28%
Rebecca Toolan {Teena} Mulder
28%
James Pickens Jr. Alvin Kersh
24%
Mimi Rogers Diana Fowley
12%
Don S. Williams First Elder
12%
No matching quizzes found
Score Distribution
Percent of People with Each Score
Percentile by Number Answered
Your Score History
You have not taken this quiz since the last reset